| 000 | nam a22 7a 4500 | ||
|---|---|---|---|
| 999 |
_c331618 _d331618 |
||
| 003 | NUST | ||
| 005 | 20171006110515.0 | ||
| 008 | 171006b xxu||||| |||| 00| 0 eng d | ||
| 040 | _cNUST | ||
| 082 |
_a954.9122 _bSHA |
||
| 100 |
_aShaheen, Muhammad Pervaish _95293 |
||
| 245 |
_aMashriq ka Switzerland wadi e Sawat / _cby Muhammad Pervaish Shaheen |
||
| 260 |
_aLahore: _bMaktaba Jamal, _c2007 |
||
| 300 | _a88 p. | ||
| 440 |
_asiyahat series _95294 |
||
| 546 | _aIn Urdu | ||
| 650 |
_aChitral- District _95295 |
||
| 880 |
_6100-01\(3\r _aمحمد پرویش شاہین |
||
| 880 |
_6245-02\(3\r _aمشرق کا سوئٹیزر لینڈ وادی سوات _cمحمد پرویش شاہین |
||
| 880 |
_6260-03\(3\r _aلاہور: _bمکتبہ جمال، _c2007 |
||
| 942 |
_2ddc _cBK |
||